000 00582nam a2200217 a 4500
005 20140310183352.0
008 120911s19uu xx 00 eng d
020 _a9788183568944
050 _aRA 793.5
_b.T468 2011
100 _aThompson, Neil
245 _aMedical tourism /
_cNeil Thompson.
250 _a1st ed.
260 _aNew Delhi, India :
_bDiscovery Pub. House,
_c2011.
300 _a248 p. :
_c22 cm.
500 _aIncludes index
521 _aTOU
650 _aMedical tourism
650 _aMedical tourism
_xIndia
942 _cBK
_2lcc
_kFOR
999 _c22130
_d22130